La globalización capitalista una exigencia de las ganancias/ Maryse Brisson
Gespeichert in:
| 1. Verfasser: | |
|---|---|
| Format: | Buch |
| Sprache: | Spanish |
| Veröffentlicht: |
Sabanilla, Montes de Oca, Costa Rica:
Dei;
1999
|
| Tags: |
Tag hinzufügen
Keine Tags, Fügen Sie den ersten Tag hinzu!
|
MARC
| LEADER | 00000nam a22000007a 4500 | ||
|---|---|---|---|
| 003 | cru CIDCACS | ||
| 005 | 20240717165253.0 | ||
| 008 | 240717b1999 cr ||||| |||| 00| 0 spa d | ||
| 020 | |a 9977-83-119-X | ||
| 040 | |a cru CIDCACS/IIS |b spa |c cru CIDCACS/IIS | ||
| 100 | 1 | |a Brisson, Maryse |9 12284 | |
| 245 | 1 | |a La globalización capitalista una exigencia de las ganancias/ |b Maryse Brisson | |
| 260 | |a Sabanilla, Montes de Oca, Costa Rica: |b Dei; |c 1999 | ||
| 300 | |a páginas 55-102 | ||
| 650 | 0 | 7 | |0 TESAUROS |2 TESAUROS |
| 773 | 0 | |t El Huracán de la globalización |q páginas 55-102 |o 01.02.01 H663h | |
| 773 | 0 | |t El Huracán de la globalización | |
| 942 | |2 ddc |c LI |h <script>document.querySelector('[id^="tag_090_subfield_a"]').value</script> |6 SCRIPTDOCUMENTQUERYSELECTORIDTAG_090_SUBFIELD_AVALUESCRIPT | ||
| 999 | |c 45924 |d 45924 | ||
| 773 | 0 | |0 45919 |9 11389 |a Hinkelammert, Franz J. |d San José, Costa Rica: DEI 1999 |o 14244 |t El Huracán de la globalización: |w (cru CIDCACS/IIS)11912 |z 9977-83-119-X | |



